000 00461nam a2200157Ia 4500
008 151213s9999 xx 000 0 und d
100 _aLate Dr. Rodhey , L. Vershey
245 _aAn Introductory to Linguistics & Phonetically
_cLate Dr. Rodhey , L. Vershey
250 _a8th
260 _aDhaka
_bBocltd
_c1985
300 _a3576 p.
650 _aEnglish Literature
650 _aEnglish Literature
700 _aLate Dr. Rodhey , L. Vershey
999 _c2379
_d2379